000 00474nam a2200181 a 4500
001 34233
005 20180714002326.0
008 140415s1990 000 0 spa d
041 _aspa
082 _a410
_bMIE
100 1 _aMIER, RAYMUNDO
245 1 0 _aINTRODUCCION AL ANALISIS DE TEXTOS
250 _a2a ed.
260 _a[s.l.] :
_bTRILLAS,
_c1990
300 _a162
490 _aBIBLIOTECA UNIVERSITARIA BASICA
650 1 4 _aLINGUISTICA
_xSEMANTICA
999 _c34233
_d34233